Prefectures Of Japan Flag Quiz - Statistics

General Stats
  • This quiz has been taken 263 times
    257 since last reset
  • The average score is 33 of 47
Answer Stats
Picture Answer % Correct
Aomori
89%
Hokkaido
88%
Akita
86%
Aichi
84%
Ehime
83%
Tokyo
82%
Fukushima
81%
Chiba
80%
Hiroshima
79%
Gifu
78%
Hyōgo
78%
Fukuoka
77%
Fukui
76%
Kyoto
76%
Gunma
75%
Kanagawa
75%
Nagasaki
75%
Ibaraki
74%
Ishikawa
74%
Okinawa
73%
Osaka
72%
Kagoshima
70%
Mie
70%
Miyazaki
70%
Iwate
69%
Kagawa
69%
Nara
69%
Kumamoto
67%
Nagano
67%
Yamagata
67%
Saga
66%
Kōchi
65%
Miyagi
63%
Niigata
63%
Saitama
63%
Wakayama
63%
Ōita
62%
Shiga
60%
Shizuoka
60%
Tottori
59%
Okayama
58%
Tochigi
58%
Shimane
57%
Tokushima
57%
Yamaguchi
56%
Toyama
55%
Yamanashi
55%
No matching quizzes found
Score Distribution
Percent of People with Each Score
Percentile by Number Answered
Your Score History
You have not taken this quiz since the last reset